000 00657nam a2200241Ia 4500
003 OSt
005 20220924120120.0
006 a|||||r|||| 00| 0
007 ta
008 220923b |||||||| |||| 00| 0 ara d
024 _a322404
037 _cTextual
040 _aARTS
_cARTS
_bara
041 _2ara
_aara
082 _aO28:g, P7
100 _aAshraf Mohammad Sulaiman Au.
_9180834
245 0 _aDirasat tarikhiyata wa adbia
260 _aDelhi
_bKukh-al-ilm India
_c2007
300 _a120p.
_ccm.
650 _aARABIC LITERATURE
942 _hO28:g, P7
_cTEXL
_2CC
999 _c401308
_d401308